Регионална библиотека "Любен Каравелов" - Русе

Пътуване към паметта (Запис номер 413351)

MARC детайли
000 -Лидер
Контролно поле с фиксирана дължина 01341nam a2200349 a 4500
003 - Код на организацията, давaща контролен номер
Контролно поле BLK
005 - Дата и час на последна редакция
Контролно поле 20250127102513.0
008 - Елементи от данни с фиксирана дължина
fixed length control field 180409b bul|||||r ||||||| ||bul||
010 ## - Наследен системен номер
LC control number KNG00132471000
020 ## - Международен стандартен номер на книга ISBN
Международен стандартен номер на книга ISBN 9789540751146
040 ## - Източник на каталожния запис
Идентификатор на билиотеката - собственик на записа BLK
041 ## - Код за език
Код за езика на текст/звукозапис или на отделно заглавие Български
Код за езика КДБФ Български
072 #7 - Код за тематичната категория
Код организация bullib
Код за тематична категория Н32
Текст Политика Н
080 ## - УДК
Текстов определител УДК Политика. Вж и 341 ; 342
УДК код - определител по УДК 32
УДК определител (497.2)
УДК - код + определител 32(497.2)
100 ## - Редна дума - Автор
R(LIN) 365015
Автор Първанов, Георги Седефчов
Авторска отговорност първи автор
139 ## - Редно поле
Редна дума Първанов, Георги Седефчов
Авторски знак Пър - П 97
245 10 - Сведения за заглавието
Заглавие Пътуване към паметта
Подзаглавни данни Разкази за политиката
Редно поле (дума) Георги Първанов..
257 ## - Страна на издаване
Страна на създаване/издаване България
260 ## - Област на издателските данни
Място на издаване, разпространение и проч. София
Име на издателя, разпространителя и проч. Унив. изд. Св. Климент Охридски
Година на издаване 2021
Печатница София : Алианс принт
9 (RLIN) 209716
Издателство - префикс ISBN 978-954-07- ; 954-9399-
300 ## - Физическа характеристика
Страници 589 с.
Размери/Мащаб 24 см
380 ## - Жанр
Жанр Обществени науки
650 #4 - Допълнително описание по предмет – тема
Основно описание – тема или топоним Президенти - България
9 (RLIN) 255910
650 #0 - Допълнително описание по предмет – тема
Основно описание – тема или топоним България - политика
9 (RLIN) 243743
653 ## - Ключова дума – ненормативна
Ключова дума президенти
653 ## - Ключова дума – ненормативна
Ключова дума български политици
659 ## - Тематичен бюлетин
Тематичен бюлетин Н
700 1# - Други автори (авторска отговорност)
Лично име Първанов, Георги Седефчов
Автороска отговорност (Описва отношението между автора и произведението) *
9 (RLIN) 365015
856 4# - Електронен адрес и достъп
Електронен формат pdf - файл
856 4# - Електронен адрес и достъп
Електронен формат pdf - файл
999 ## - СИСТЕМНИ КОНТРОЛНИ НОМЕРА
Koha biblionumber 413351
Koha biblioitemnumber 413351
942 ## - АРТИКУЛИ
Вид на библиотечния материал Книги
Скрит в OPAC Не
Периодичен библиозапис Да
Koha issues (borrowed), all copies 8
944 ## - СЪЗДАВАНЕ И РЕДАКЦИЯ на ЗАПИСА
Служител, извършил регистрацията/редакцията 30560
Статус, дата на статуса Геновева Генчева
Наличности
Код за отписване Код за изгубен артикул Източник на класификационната схема Код за повреда Коз за рестрикции Код за отдаване Артикулен № Име на библиотеката - собственик Име на библиотеката, в която се намира в момента Статус (Текущо местоположение) Дата на вписване в системата Местоположение - отдел Цена в лева Систематично азбучна сигнатура Баркод Цена в евро Служебен тип на артикула
  Не е изгубен Universal Decimal Classification Не е повреден без рестрикции заемане за дома 830347 Регионална библиотека "Любен Каравелов" Русе Регионална библиотека "Любен Каравелов" Русе Заемна - подръчен фонд 2021-05-17 Заемна - подръчен фонд 24.00 32(497.2)/П 97 Г 120000855184 12.27 Книги
  Не е изгубен Universal Decimal Classification Не е повреден без рестрикции заемане за дома 833432 Регионална библиотека "Любен Каравелов" Русе Регионална библиотека "Любен Каравелов" Русе Заемна - подръчен фонд 2021-05-28 Заемна - подръчен фонд 24.00 32(497.2)/П 97 Г 120000855312 12.27 Книги
  Не е изгубен Universal Decimal Classification Не е повреден само за читалня ползва се в читалня 846634 Регионална библиотека "Любен Каравелов" Русе Регионална библиотека "Любен Каравелов" Русе Хранилище 2021-08-04 Хранилище 30.00 Цб 308758 120000859015 15.34 Книги
  Не е изгубен Universal Decimal Classification Не е повреден само за читалня ползва се в читалня 880565 Регионална библиотека "Любен Каравелов" Русе Регионална библиотека "Любен Каравелов" Русе Хранилище 2022-04-06 Основен фонд - ползва се само за читалня 30.00 Цб 308758 120000870659 15.34 Книги
Vip Innovations Ltd, Rousse, Bulgaria 2025